000 003930000a22001690004500
003 MACL
005 20151010114413.0
008 151010b xxu||||| |||| 00| 0 eng d
040 _aMACL
_cMACL
041 _aEnglish
082 _a920/AKB
100 _aAkbar, M J
_9610
245 _aNehru
_bThe Making of India
260 _bViking
_c1988
650 _aBiography
_914264
942 _cBK
_k920
_2ddc
999 _c4976
_d4976